| 000 | 01960ngm a2200265Ki 4500 | ||
|---|---|---|---|
| 001 | ocn607123100 | ||
| 003 | OCoLC | ||
| 005 | 20100817010122.0 | ||
| 007 | cr cna|||||||| | ||
| 007 | vz czazuu | ||
| 008 | 100414s2008 xx 053 vueng d | ||
| 035 | _a(OCoLC)607123100 | ||
| 040 |
_aORZ _cORZ |
||
| 049 | _aSZTA | ||
| 245 | 0 | 0 |
_aFull Cover Girl: How Fundamentalism and Democracy Are Eroding Women's Rights in Iraq _h[electronic resource]. |
| 260 | _c2008. | ||
| 300 |
_a1 streaming video file (53 min.) : _bdigital, sd., col. |
||
| 500 | _afma39712 | ||
| 520 | _aPeace, prosperity, and the implementation of Islamic law: that is the dream of Jinan al-Ubaidy, an influential member of Iraq's parliament who is calling loudly for Sharia-based government-and, as her opponents say, for a return to the subordination of women to men. Filmed on location in war-torn Baghdad, this program exposes the deteriorating state of women's rights as fundamentalist Islamic and burgeoning democratic ideals bury the secular principles that had empowered Iraqi women for decades. Jinan al-Ubaidy and Abir al-Sahlani, a political activist standing in bitter opposition to al-Ubaidy's platform, are featured as Full Cover Girl tracks this tragic conflict of ideologies in which women-targeted by extremists for not wearing hijab, for working outside the home, for driving a car, for having an education-are being killed by the thousands. Additional insights are provided by Paul Bremer, former head of the Coalition Provisional Authority, and other noteworthy figures. (Portions in other languages with English subtitles, 52 minutes). | ||
| 538 | _aMode of access: World Wide Web. | ||
| 538 | _aSystem requirements: Windows Media, etc. | ||
| 710 | 2 | _aFilms Media Group. | |
| 740 | 0 | _aFMG Humanities & Social Sciences Collection. | |
| 856 | 4 | 0 |
_uhttp://stats.lib.pdx.edu/proxy.php?url=http://digital.films.com/play/98X6NS _zstreaming video (access restricted to PSU users) |
| 999 |
_c721 _d721 |
||